Summoners War - Monstres 1 à 3 ★ - Statistiques

Statistiques générales
  • Ce quiz a été pris 10 fois
  • Le résultat moyen est 70 sur 250
Statistiques - réponses
Monstre Nom % Correct
★★★ Griffon Bernard
88%
★★ Harpu Colleen
88%
★★★ Armure vivante Cuivre
88%
★★★ Armure vivante Fer
88%
★★★ Inugami Icaru
88%
★★ Garuda Konamiya
88%
★★ Howl Lala
88%
★★★ Expert en art martial Lo
88%
★★★ Cowgirl Loren
88%
★★ Howl Lulu
88%
★★★ Inugami Raoq
88%
★★★ Armure vivante Zinc
88%
★★★ Mammouth de combat Basalt
75%
★★★ Inugami Belladeon
75%
★★★ Vagabond Darion
75%
★★★ Fée Elucia
75%
★★★ Reine des fées Fran
75%
★★★ Inugami Kro
75%
★★★ Chevalier pingouin Mav
75%
★★ L'ours de guerre Ramagos
75%
★★★ Faucheuse Sath
75%
★★★ Griffon Shamann
75%
★★ Cerbère Sieq
75%
Slime
75%
★★★ Griffon Spectra
75%
★★ Cerbère Tarq
75%
★★★ Garuda Teon
75%
★★★ Griffon Varus
75%
★ Angemon Angemon Rouge
63%
★★★ Élémentaire Camules
63%
★★★ Viking Janssen
63%
★★★ Loup-garou Jultan
63%
★★★ Amazone Lyn
63%
★★★ Serpent Mantura
63%
★★★ Chat martial Mina
63%
★★★ Inugami Ramahan
63%
★ Roi Angemon Roi Angemon rouge
63%
★★ Vagabond Roid
63%
★★ Howl Shasha
63%
★★★ Cerbère Shumar
63%
★★ Lutin Tatu
63%
★★★ Faucheuse Thrain
63%
★★★ Frankenstein Tracteur
63%
★★★ Loup-garou Vigor
63%
★ Angemon Angemon Bleu
50%
★★★ Requin coursier Aqcus
50%
★★★ L'ours de guerre Dagora
50%
★★★ Loup-garou Eshir
50%
Gardien de la forêt
50%
★★★ Loup-garou Garoche
50%
★★★ Vagabond Jubelle
50%
★★★ Griffon Kahn
50%
★★★ Mammouth de combat Marbre
50%
Mimick
50%
★★★ Harg Racuni
50%
★★★ Prêtre Epikion Rina
50%
★★★ Frankenstein Robot
50%
★★ Lutin Shannon
50%
★★ Howl Shushu
50%
★★★ Harpu Sia
50%
★★ L'ours de guerre Ursha
50%
★ Angemon Angemon Blanc
38%
★ Angemon Angemon Or
38%
★★★ Armure vivante Argent
38%
★★ Boîte surprise
38%
★★★ Frankenstein Bulldozer
38%
Champignon
38%
Diablemon
38%
Fantôme
38%
★★★ Golem Groggo
38%
★★★ Faucheuse Hiva
38%
★★★ Haut élémentaire Jumaline
38%
★★★ Golem Kuhn
38%
★★★ Yéti Kumaé
38%
★ Élémentaire faible Lamor
38%
★★ Garuda Lindermen
38%
★★★ Lutin champion Loque
38%
★★★ Golem Maggi
38%
★★★ Amazone Mara
38%
★★★ Sorcière mystique Megan
38%
★★★ Chat martial Miho
38%
★★★ Chat martial Naomi
38%
★★★ Prêtre Epikion Rachid
38%
★ Roi Angemon Roi Angemon bleu
38%
★ Roi Angemon Roi Angemon doré
38%
Super Angemon
38%
★★★ Mammouth de combat Talc
38%
★★ Diablotin Taru
38%
★★★ Chevalier pingouin Toma
38%
★★★ Bearman Ahman
25%
★★★ Cowgirl Anne
25%
Arcenmon
25%
★★★ Chasseur de bêtes Baekdu
25%
★★ Garuda Cahule
25%
★★★ Cowgirl Cassie
25%
★★ Chauve-souris espiègle
25%
★★★ Inferno Drogan
25%
★★★ Inferno Eludain
25%
★★★ Archer magique d'élite Fami
25%
★★★ Serpent Fao
25%
★★★ Frankenstein Foreur
25%
★★★ Sorcière mystique Gina
25%
★★ L'ours de guerre Gorgo
25%
★★★ Faucheuse Hemos
25%
★★★ Homme-lézard Igmanodon
25%
★★★ Fée Iselia
25%
★★★ Chasseur de tête Jamie
25%
★★★ Harpie Kabilla
25%
★★ Lutin Kacie
25%
★★★ Haut élémentaire Kahli
25%
★★★ Sorcière mystique Linda
25%
★★★ Elfe patrouilleur Lucien
25%
★★★ L'ours de guerre Lusha
25%
★★★ Maître ivre Mao
25%
Marchand de sable
25%
★★★ Chat martial Mei
25%
★★★ Harpie Prilea
25%
★★★ Harpie Ramira
25%
★★★ Sorcière mystique Rebecca
25%
★★★ Harg Remy
25%
★★ Garuda Rizak
25%
★ Roi Angemon Roi Angemon blanc
25%
★★ Harpu Seal
25%
★★★ Harpu Seren
25%
★★ Cerbère Shamar
25%
★★ Harpu Sisroo
25%
★★★ Inferno Tagaros
25%
★★★ Minotaure Urtau
25%
★★★ Chat martial Xiao Ling
25%
★★★ Elfe patrouilleur Adrian
13%
★★ Vagabond Allen
13%
★★★ Inferno Anduril
13%
★ Angemon Angemon des ténèbres
13%
★★★ Archer magique Ardella
13%
★★ Yéti Arkajan
13%
★★★ Minotaure Burentau
13%
★★ Lutin Camaryn
13%
★★★ Amazone Ceres
13%
★★ Howl Chichi
13%
★★ Fée Eilene
13%
★★★ Minotaure Eintau
13%
★★★ Serpent Elpuria
13%
★★★ Elfe patrouilleur Eluin
13%
★★★ Elfe patrouilleur Erwin
13%
★★ Fleur carnivore
13%
★★ Diablotin Fynn
13%
★★ Cerbère Gamir
13%
★★★ Viking Geoffrey
13%
★★★ Homme-lézard Glinodon
13%
★★★ Mammouth de combat Granit
13%
Grenouille cornue
13%
★★★ Frankenstein Grue
13%
★★★ Taoiste Gunpyeong
13%
★★★ Bearman Haken
13%
★★★ Cowgirl Hannah
13%
★★★ Chasseur de bêtes Hanra
13%
★★★ Maître ivre Huan
13%
★★★ Requin coursier Ignicus
13%
★★★ Expert en art martial Jackie
13%
★★ Viking Jansson
13%
★★★ Vagabond Kai'en
13%
★★ Salamander Lukan
13%
★★★ Prêtre Epikion Michelle
13%
★★★ Chevalier pingouin Naki
13%
★★★ Armure vivante Nickel
13%
★★★ Momie Nubia
13%
★★★ Mammouth de combat Olivine
13%
★★★ Faucheuse Prom
13%
★★★ Inferno Purian
13%
★★ Yéti Rakaja
13%
★★★ Chasseur de tête Randy
13%
★★★ Chasseur de tête Roger
13%
★ Roi Angemon Roi Angemon des ténèbres
13%
★★★ Requin coursier Rumicus
13%
★ Élémentaire faible Samour
13%
★★ Scorpion de combat
13%
★★★ Cowgirl Sera
13%
★★★ Serpent Shailoq
13%
★★★ Loup-garou Shakan
13%
★★ Salamander Sharman
13%
★★★ Haut élémentaire Shren
13%
★★★ Sorcière mystique Silia
13%
★★★ Expert en art martial Sin
13%
★★ Fée Sorin
13%
★★★ Maître ivre Tien Qin
13%
★ Élémentaire faible Tigryss
13%
★ Élémentaire faible Varis
13%
★★★ Homme-lézard Velfinodon
13%
★★★ Chasseur de tête Walkers
13%
★★★ Maître ivre Wei Shin
13%
★★★ Maître ivre Xiao Chun
13%
★★★ Lutin champion Yaku
13%
★★★ Requin coursier Zephicus
13%
★★★ Archer magique Amanda
0%
★★★ Guerrier géant Bagir
0%
★★ Élémentaire Bremis
0%
★★★ Requin coursier Calicus
0%
★★ Lutin Cheryl
0%
★★ Diablotin Cogma
0%
★★★ Bearman Dagorr
0%
★★ Élémentaire Daharenos
0%
★★ Salamander Decamaron
0%
★★★ Homme-lézard Devinodon
0%
★★★ Chevalier pingouin Dona
0%
★★★ Haut élémentaire Ellena
0%
★★★ Amazone Ellin
0%
★★★ Serpent Ermeda
0%
★★★ Lutin champion Fairo
0%
★★★ Chasseur de bêtes Gangchun
0%
★★ Diablotin Garok
0%
★★★ Minotaure Grotau
0%
★★★ Bearman Gruda
0%
★ Élémentaire faible Havana
0%
★★★ Harpie Hellea
0%
★★★ Amazone Hina
0%
★★★ Expert en art martial Hiro
0%
★★ Viking Huga
0%
★★ Salamander Kaimann
0%
★★★ Minotaure Kamatau
0%
★★★ Momie Karakum
0%
★★★ Homme-lézard Kernodon
0%
★★★ Salamander Krakdon
0%
★★★ Harg Kroa
0%
★★★ Golem Kugo
0%
★★★ Chevalier pingouin Kuna
0%
★★ Yéti Kunda
0%
★★★ Bearman Kungen
0%
★★★ Expert en art martial Luan
0%
★★★ Harpie Lucasha
0%
★★★ Haut élémentaire Moria
0%
★★★ Momie Namib
0%
★★★ Chasseur de bêtes Nangrim
0%
★★★ Fée Neal
0%
★★★ Lutin champion Pigma
0%
★★★ Élémentaire Priz
0%
★★★ Golem Ragion
0%
★★ Diablotin Ralph
0%
★★★ Momie Sahara
0%
★★ Sanglier à crinière
0%
★★★ Lutin champion Shaffron
0%
★★★ Archer magique Sharon
0%
★★ Soldat à crâne
0%
★★★ Momie Sonora
0%
★★★ Chasseur de bêtes Suri
0%
★★ Élémentaire Taharus
0%
★★ Yéti Tantra
0%
★★★ Guerrier géant Vidurr
0%
★★ Viking Walter
0%
★★★ Chasseur de tête Wayne
0%
★★★ Taoiste Woonhak
0%
Aucun quiz correspondant
Distribution des résultats
% des personnes avec chaque résultat
Percentile par nombre de réponses
Votre historique - résultats
Vous n’avez pas pris ce quiz